000 00631nam a2200217Ii 4500
003 JO-AjNU
008 230606s9999||||xx |||||||||||||| ||und||
020 _a81-224-1858-9
040 _aJO-AjNU
_beng
_erda
_cJO-AjNU
041 _aeng
050 1 4 _aQA76.2006
100 3 _aDas,Vinu v,
_eauthor
_9168
245 0 0 _aPrinciples of Data Structures using C and c++
250 _a1 ed
264 3 1 _a New Age Internationa:New Delhi,2006
300 _a360p
336 _atext
_btxt
_2rdacontent
337 _aunmediated
_bn
_2rdamedia
338 _avolume
_bnc
_2rdacarrier
650 4 _aPrinciples of Data Structures using C and c++
_9169
999 _aE89
_c89
_d89